| 000 | 00387nam a22001577a 4500 | ||
|---|---|---|---|
| 003 | SGT | ||
| 020 | _a9780323400534 | ||
| 082 |
_a617.525 _bS18M |
||
| 100 | _aMalamed, Stanley F. | ||
| 245 | _aSedation: A guide to patient management | ||
| 250 | _a1st | ||
| 260 |
_aNetherlands _bElsevier _c2018 |
||
| 300 | _a620 | ||
| 650 | _aSurgery; Oral and Maxillofacial Surgery | ||
| 942 |
_2ddc _cBK |
||
| 999 |
_c26802 _d26802 |
||